00416nam a2200157Ia 45000010006000000050017000060080041000230410008000640820020000721000038000922450069001302600009001993000034002086500008002426540008002502534520260414151143.0260414t2015||||xx |||||||||||||| ||spa|| aESP a346.5bC32 T. 1 aCastro de Cifuentes, MarcelaeAUT 0aDerecho de las obligaciones :bcon propuestas de modernización c2015 axxii, 557 páginas :c23 cm. aDER aCDE